| 000 | 02413nam a22004337i 4500 | ||
|---|---|---|---|
| 999 |
_c23662 _d23662 |
||
| 003 | AR-CdUCM | ||
| 008 | 260429b2023 pe d|||| |||| 00| 0 spa d | ||
| 020 | _a978-612-49351-5-2 | ||
| 040 |
_aMUNICIPALIDAD PROVINCIAL DEL CUSCO _cBIBLIOTECA MUNICIPAL DEL CUSCO |
||
| 041 | _hspa | ||
| 082 |
_a616.89 _bC35 / t.1 |
||
| 100 |
_aCastro Morales, Jorge - Vargas Murga, Horacio _952813 |
||
| 245 | _aDesarrollo biopsicosocial en niños y adolescentes / | ||
| 260 |
_aPerú : _bFondo Editorial Cayetano _c2023 |
||
| 300 |
_a220 páginas. : _c17x24 cm. |
||
| 500 | _zBibliografía : páginas del 27 - 29, 41 - 43 | ||
| 505 | _aIntroducción al desarrollo biopsicosocial -- Bases conceptuales del desarrollo humano -- Fundamentos neurobiológicos del desarrollo infantil -- Influencia genética en el desarrollo -- Neurofisiología del crecimiento y maduración -- Desarrollo prenatal y perinatal -- Desarrollo en la primera infancia -- Desarrollo en la etapa preescolar -- Desarrollo en la etapa escolar -- Desarrollo en la adolescencia -- Formación de la personalidad -- Vínculos afectivos y apego -- Procesos de socialización -- Desarrollo emocional y cognitivo -- Factores de riesgo psicosocial -- Trastornos del desarrollo infantil -- Salud mental en niños y adolescentes -- Intervenciones en el desarrollo biopsicosocial -- Prevención y promoción de la salud mental -- Rol de la familia y la comunidad | ||
| 650 |
_aDesarrollo infantil _925147 |
||
| 650 |
_aAdolescencia _9127 |
||
| 650 |
_aPsicología del desarrollo _952761 |
||
| 650 |
_aSalud mental infantil _952814 |
||
| 650 |
_aPsiquiatría infantil _952815 |
||
| 650 |
_aDesarrollo biopsicosocial _952816 |
||
| 700 |
_aAlvarado Merino, Rosa _952817 |
||
| 700 |
_aColoma Manrique, Héctor Manuel _952818 |
||
| 700 |
_aGuillén Pinto, Daniel _952819 |
||
| 700 |
_aJhery Gutiérrez, Sofia Rebeca _952820 |
||
| 700 |
_aMacher Ostolaza, Enrique Dagoberto _952821 |
||
| 700 |
_aMedina Alva, María del Pilar _952822 |
||
| 700 |
_aOchoa Torres, Carlos _952823 |
||
| 700 |
_aSantiago Gómez, Jorge Luis _952824 |
||
| 700 |
_aSullcahuaman Allende, Yasser Ciro _952825 |
||
| 700 |
_aStrobbe Barbat, Mariella Francesca _952826 |
||
| 700 |
_aVargas Suárez, Horacio Kenneth _952827 |
||
| 700 |
_aVivar Cuba, Roxana _952828 |
||
| 856 | _fhttps://fondoeditorial.cayetano.edu.pe | ||
| 942 |
_2ddc _cLIBROS |
||
| 945 |
_aesh _d29-04-2026 |
||